Landscape Planning in the Enlarged European Union international conference, Bratislava, 14.-15.3.2005

Bibliographic Details
Other Authors: Kozová, Mária, 1948- (Compiler), Lehotská, Blanka (Compiler)
Format: Software eBook
Language:English
Slovak
PhysicalDescription:1 elektronický optický disk (CD-ROM) 12 cm
Published: Bratislava Univetzita Komenského 2006
ISBN:8022321974 (elektronická kniha)
Edition:1. vyd.
Subjects:

MARC

LEADER 00000nam a2200000 a 4500
001 vtls008938962
003 SK-MaSNL
005 20260302042625.0
007 co cg muuua
008 070125s2006 xo l fs 100 0 eng
015 |a SNBS2011/03-02461 
020 |a 8022321974 (elektronická kniha) 
040 |a SNK  |b slo  |c SNK  |e AACR2 
041 0 |a eng  |a slo 
044 |a xo  |c SK 
072 7 |a 712  |x Plánovanie krajiny. Parky. Záhrady2 konspekt  |2 konspekt 
072 7 |a 502  |x Životné prostredie a jeho ochrana  |2 konspekt 
080 |a 712  |2 2001 
080 |a 502.5  |2 2001 
080 |a 712.2  |2 2001 
080 |a 061.EU  |2 2001 
080 |a (063)  |2 2001 
080 |a (0.034.44)  |2 2001 
245 0 0 |a Landscape Planning in the Enlarged European Union  |h elektronický zdroj  |b international conference, Bratislava, 14.-15.3.2005  |c [zostavili: Mária Kozová, Blanka Lehotská] 
246 1 1 |a Krajinné plánovanie v rozšírenej Európskej Únii 
250 |a 1. vyd. 
260 |a Bratislava  |b Univetzita Komenského  |c 2006 
300 |a 1 elektronický optický disk (CD-ROM)  |c 12 cm 
500 |a Názov z titulnej obrazovky 
516 |a Textový dokuemnt (zborník), súbory vo formáte htm, pdf 
538 |a Technické požiadavky: internetový prehliadač, Adobe Reader 
610 2 7 |a Európska únia  |2 SNKKA  |9 29861 
650 0 7 |a krajinné plánovanie  |2 SNKPH  |9 69268 
650 0 7 |a krajinná ekológia  |2 SNKPH  |9 3811 
650 0 7 |a tvorba krajiny  |2 SNKPH  |9 2939 
655 7 |a zborníky konferencií  |2 SNKPH  |9 70153 
655 7 |a CD-ROM  |2 SNKPH  |9 70236 
700 1 |a Kozová, Mária,  |d 1948-  |4 com  |9 98619 
700 1 |a Lehotská, Blanka  |4 com  |9 12564 
919 |a 80-223-2197-4 
999 |c 1083513  |d 1085443 
952 |a SNK  |b SNK  |y PREZ  |7 0  |p 17A0538016  |o snkSCDM 1163  |i snk2007/2340  |8 0  |0 0  |1 0  |4 0  |d 2007-01-25  |l 0  |r 2026-02-24 16:32:14  |w 2026-02-24